00647nam a22001457a 4500003000900000008004100009040007100050082002000121110001000141245005500151260004100206300002600247505021200273650001600485AR-CdUCM190401b           ||||| |||| 00| 0 spa d  aMUNICIPALIDAD PROVINCIAL DEL CUSCOcBIBLIOTECA MUNICIPAL DEL CUSCO  aES / 463 /bN18  aNakal  aDiccionario ilustrado :bDe la lengua castellana /  aPerú :bFondo editorial navarrete,  a735 paginas ;c16 cm.  aContenido :Vocabulario técnico de medicina -- Vocabulario técnico de sonido -- Vocabulario técnico de robótica -- Vocabulario técnico de televisión vidéo -- Vocabulario técnico de láser ...  aDiccionario